Strojníctvo I pre stredné priemyselné školy nestrojnícke

Bibliographic Details
Main Authors: Vojtěch, Jiří, 1939- (Author), Stejskal, Vladimír, 1936- (Author)
Other Authors: Vladárová, Katarína, 1943- (Translator)
Format: Book
Language:Slovak
Czech
PhysicalDescription:139 strán schémy, tabuľky 21 cm
Published: Bratislava Alfa-press 2004
ISBN:8089004733
Edition:3. vyd.
Subjects:

MARC

LEADER 00000cam a2200000 a 4500
001 vtls001481006
003 SK-MaSNL
005 20260301150813.0
008 220509s2004 xo l drnp 00000 slo
015 |a SNBA2005/04-01238 
020 |a 8089004733  |q (brožované) 
035 |a SNK000436304 
035 |a urn:nbn:sk:snk-am3j33y 
035 |a 666D585B-CAF2-408D-B355-5E0D999C7BFA 
035 |a urn:nbn:sk:snk-am00gh18 
040 |a SNK  |b slo  |c SNK  |e AACR2 
041 1 |a slo  |h cze 
044 |a xo  |c SK 
072 7 |a 621  |x Strojárstvo  |2 konspekt 
080 |a (075.3)  |2 2011 
080 |a 621.8  |2 2011 
100 1 |a Vojtěch, Jiří,  |d 1939-  |4 aut  |9 42170 
240 1 0 |a Strojnictví I pro SPŠ nestrojnické  |l Slovensky 
245 1 0 |a Strojníctvo I pre stredné priemyselné školy nestrojnícke  |c Jiří Vojtěch, Vladimír Stejskal ; [z českého originálu preložila Katarína Vladárová] 
250 |a 3. vyd. 
260 |a Bratislava  |b Alfa-press  |c 2004 
300 |a 139 strán  |b schémy, tabuľky  |c 21 cm 
500 |a Celkove 6. vyd. 
504 |a Bibliografia na strane 136 
650 0 7 |a strojníctvo  |2 SNKPH  |9 29325 
655 7 |a učebnice stredných škôl  |2 SNKPH  |9 69323 
700 1 |a Stejskal, Vladimír,  |d 1936-  |4 aut  |9 261461 
700 1 |a Vladárová, Katarína,  |d 1943-  |4 trl  |9 86717 
919 |a 80-89004-73-3 
958 |a NB 
958 |a OP 
958 |a OND 
968 |b ČES 
999 |c 784682  |d 786612 
952 |t P60, <04>, [BOOK], {604}  |a SNK  |b SNK  |y VYP  |7 0  |p 17A0442025  |o snkSC 117159 D1  |i snkKSP 11467/2004  |0 0  |1 0  |4 0  |d 2004-09-02  |l 0  |r 2005-01-02 00:00:00  |w 2026-02-24 
952 |t P60, <03>, [BOOK], {603}, -K-  |a SNK  |b SNK  |y PREZ  |7 0  |p 17A0442024  |o snkSC 117159  |i snkKSP 11466/2004  |0 0  |1 0  |4 0  |d 2004-09-02  |f 1  |l 0  |r 2025-10-16 00:00:00  |w 2026-02-24